Statistics for NFL Starting Cornerbacks 2021

Click here to take the quiz!

General Stats

  • This quiz has been taken 281 times
    (172 since last reset)
  • The average score is 30 of 64

Answer Stats

TeamAnswer% Correct
GBJaire Alexander
90%
LARJalen Ramsey
87%
BUFTre'Davious White
85%
BALMarcus Peters
84%
NEJC Jackson
82%
NYGAdoree Jackson
80%
CARDonte Jackson
80%
WASWilliam Jackson III
80%
BALMarlon Humphrey
77%
NOMarshon Lattimore
77%
MIAXavien Howard
77%
KCCharvarius Ward
76%
CLEDenzel Ward
76%
NEStephon Gilmore
75%
DALTrevon Diggs
73%
PHIDarius Slay
71%
MIAByron Jones
70%
MINPatrick Peterson
68%
ATLAJ Terrell
63%
WASKendall Fuller
62%
DENKyle Fuller
62%
NYGJames Bradberry
61%
DENPat Surtain II
59%
TBCarlton Davis
56%
NOCJ Gardner-Johnson
56%
CHIJaylon Johnson
56%
ARIByron Murphy
54%
CARJaycee Horn
54%
LACMichael Davis
54%
LARDarious Williams
53%
HOUDesmond King II
52%
INDXavier Rhodes
52%
PITJoe Haden
51%
JACShaquill Griffin
46%
DETJeff Okudah
45%
LACChris Harris Jr
42%
TBSean Murphy-Bunting
39%
KCL'Jarius Sneed
38%
INDKenny Moore II
37%
DALAnthony Brown
35%
GBEric Stokes
33%
TENCaleb Farley
32%
CINChidobe Awuzie
30%
JACCJ Henderson
30%
TENJanoris Jenkins
30%
SFJason Verrett
29%
OAKDamon Arnette
27%
CLEGreg Newsome II
27%
HOUBradley Roby
24%
CHIDesmond Trufant
23%
PHIAvonte Maddox
21%
NYJBryce Hall
20%
BUFLevi Wallace
20%
SEATre Flowers
20%
CINTrae Waynes
19%
PITCameron Sutton
18%
OAKTrayvon Mullen
17%
MINJeff Gladney
13%
SEAAhkello Witherspoon
12%
DETQuinton Dunbar
11%
ARIRobert Alford
9%
NYJBlessuan Austin
8%
SFEmmanuel Mosley
6%
ATLIsaiah Oliver
6%

Score Distribution

Percentile by Number Answered

Percent of People with Each Score

Your Score History

You have not taken this quiz since the last reset